| 000 | 00805nas a2200265 4500 | ||
|---|---|---|---|
| 001 | BR9604486 | ||
| 003 | BR-BrBNA | ||
| 005 | 20231205095323.0 | ||
| 007 | ta | ||
| 008 | 230509b bl.|||p| |||| 00| 00por d | ||
| 040 |
_aBR-BrBNA _bpor _cBiblioteca Nacional de Agricultura |
||
| 041 | _a(Pt) | ||
| 072 | _aK10; N20 | ||
| 100 | 1 | _aVolpato, C.E.S. | |
| 100 | 1 | _aMachado, C.C. | |
| 100 | 1 | _aSouza, A.P. de | |
| 100 | 1 | _aNeves, A.R. | |
| 245 | 1 | _aOtimizacao da produtividade e do custo da extracao florestal com o guincho-arrastador | |
| 650 | _aExtracao da Madeira | ||
| 650 | _aCusto | ||
| 650 | _aEquipamento Florestal | ||
| 773 | 0 |
_tRevista Arvore (Brazil) _xISSN 0100-6762 _g(Sep-Dec 1991), v. 15(3) p. 296-307 _wBR9604486 |
|
| 909 |
_a202311 _bLúcia _c55 _dLúcia Elande |
||
| 942 |
_2AGRIS _n0 _cANA |
||
| 999 |
_c150040 _d150040 |
||